| 000 | 00359nam a2200133Ia 4500 | ||
|---|---|---|---|
| 008 | 230917s9999||||xx |||||||||||||| ||und|| | ||
| 040 |
_e158801 _aMAIN |
||
| 041 | _aEnglish | ||
| 082 | _a783.6 T829P:G | ||
| 100 | _aPurvi Singh | ||
| 245 | 0 | _aGoswami Tulsidas krit 'Vinay-Patrika' ke padon ka raag aur ras sambandhi vivechan | |
| 300 | _a169 p. | ||
| 942 | _cTH | ||
| 999 |
_c86667 _d86667 |
||